Central Library OPAC University of Rajshahi

Frederick Henry Royce, an outline of his engineering achievement / (Record no. 67357)

MARC details
000 -LEADER
fixed length control field 00714nam a2200217 a 4500
001 - CONTROL NUMBER
control field 67357
003 - CONTROL NUMBER IDENTIFIER
rucl marc code BD-RjUL
005 - DATE AND TIME OF LATEST TRANSACTION
control field 20211209081636.0
008 - FIXED-LENGTH DATA ELEMENTS--GENERAL INFORMATION
fixed length control field 170323r19481946enkacf 000 0 ger d
035 ## - SYSTEM CONTROL NUMBER
System control number (BD-RjUL)67488
040 ## - CATALOGING SOURCE
Original cataloging agency DLC
Transcribing agency CarP
Modifying agency DLC
-- (BD-RjUL)
Language of cataloging eng
041 ## - LANGUAGE CODE
Language code of text/sound track or separate title eng
082 ## - DEWEY DECIMAL CLASSIFICATION NUMBER
Edition number 23
Classification number 629.222
Author mark and year SMF 1948
100 1# - MAIN ENTRY--PERSONAL NAME
Personal name Smith, G. Geoffrey.
Dates associated with a name 1885-1951.
9 (RLIN) 199565
245 00 - TITLE STATEMENT
Title Frederick Henry Royce, an outline of his engineering achievement /
Statement of responsibility, etc. G. Geoffrey Smith
260 ## - PUBLICATION, DISTRIBUTION, ETC. (IMPRINT)
Place of publication, distribution, etc. London :
Name of publisher, distributor, etc. Pub. for the British council by Longmans Green & company,
Date of publication, distribution, etc. 1948
300 ## - PHYSICAL DESCRIPTION
Pagination v, 34 p. :
Illustrations ill. ;
Size 19 cm.
650 ## - SUBJECT ADDED ENTRY--TOPICAL TERM
Topical term or geographic name as entry element Rolls-Royce automobile
9 (RLIN) 199566
710 2# - ADDED ENTRY--CORPORATE NAME
Corporate name or jurisdiction name as entry element British Council.
9 (RLIN) 199567
942 ## - ADDED ENTRY ELEMENTS (KOHA)
Source of classification or shelving scheme Dewey Decimal Classification
Koha item type Books
Holdings
Lost status Source of classification or shelving scheme Damaged status Not for loan Collection code Permanent Location Current Location Shelving location Date acquired Source of acquisition Total Checkouts Full call number Date last seen Copy number Koha item type
  Dewey Decimal Classification   Not For Loan Non-fiction Central Library, University of Rajshahi Central Library, University of Rajshahi Reading Room 30/06/1961 Dacca : British Council   629.222 SMF 1948 23/03/2017 C-1 Books